Viikonpäivät ranskaksi - Statistics

Yleistilastot
  • Tätä visaa on pelattu 208 kertaa
  • Keskiarvotulos 5 / 7
Vastaustilastot
Viikonpäivät % Oikein
Lundi
87%
Mercredi
81%
Mardi
80%
Samedi
72%
Jeudi
63%
Dimanche
62%
Vendredi
61%
Ehtoja vastaavia visoja ei löytynyt
Tulosjakauma
Jokaisen tuloksen saaneiden osuus
Persentiili vastausten määrän mukaan
Tuloshistoriasi
Et ole pelannut tätä visaa